English County Towns - Statistics

General Stats
  • This quiz has been taken 18 times
  • The average score is 23 of 27
Answer Stats
Hint Answer % Correct
Bedfordshire Bedford
100%
Cambridgeshire Cambridge
100%
County Durham Durham
100%
Gloucestershire Gloucester
100%
Leicestershire Leicester
100%
Lincolnshire Lincoln
100%
Northamptonshire Northampton
100%
Nottinghamshire Nottingham
100%
Oxfordshire Oxford
100%
Warwickshire Warwick
100%
Worcestershire Worcester
100%
Cheshire Chester
94%
Derbyshire Derby
94%
Herefordshire Hereford
94%
Yorkshire York
94%
Cumberland Carlisle
89%
Staffordshire Stafford
89%
Buckinghamshire Buckingham
83%
Hertfordshire Hertford
83%
Lancashire Lancaster
78%
Hampshire Southampton
78%
Dorset Dorchester
72%
Kent Canterbury
67%
Shropshire Shrewsbury
67%
Huntingshire huntingdon
56%
Wiltshire Wilton
22%
Somerset Somerton
11%
No matching quizzes found
Score Distribution
Percent of People with Each Score
Percentile by Number Answered
Your Score History
You have not taken this quiz